000 00845nas a2200277 4500
001 BR0601396
003 BR-BrBNA
005 20231205105921.0
007 ta
008 230509b bl.|||p| |||| 00| 00por d
040 _aBR-BrBNA
_bpor
_cBiblioteca Nacional de Agricultura
041 _a(Pt)
072 _aM12
100 1 _aCasali, A.P.
100 1 _aMoura, O.M. de
100 1 _aMendes, R. do R.B.
100 1 _aCampos, V. de M.
245 1 _aEfeito da densidade de estocagem no desempenho de rã-touro (Rana catesbeiana)em recria
650 _aRÃ TOURO
650 _aRANICULTURA
650 _aRECRIA
650 _aANÁLISE ECONÔMICA
773 0 _tRevista Brasileira de Zootecnia (Brazil)
_xISSN 1516-3598
_g(Nov-Dec 2005), v. 34(6) p. 1828-1834
_wBR0601396
909 _a202311
_bLúcia
_c55
_dLúcia Elande
942 _2AGRIS
_n0
_cANA
999 _c185349
_d185349